书目信息 |
| 题名: |
无声的革命
|
|
| 作者: | 赵宝华 主编 | |
| 分册: | ||
| 出版信息: | 北京 中国社会出版社 2005 |
|
| 页数: | 237页 | |
| 开本: | 24cm | |
| 丛书名: | ||
| 单 册: | ||
| 中图分类: | I235.2 | |
| 科图分类: | ||
| 主题词: | 老人问题--研究--中国 , 电视系列片 , 电视系列片--解说词--中国--现代 , 老人问题 , 解说词 | |
| 电子资源: | ||
| ISBN: | 7-5087-0838-5 | |
| 000 | 01075nam0 2200301 450 | |
| 001 | 003080241 | |
| 005 | 20061116084253.87 | |
| 010 | @a7-5087-0838-5@dCNY50.00 | |
| 100 | @a20060215d2005 em y0chiy0110 ea | |
| 101 | 0 | @achi |
| 102 | @aCN@b110000 | |
| 105 | @aa z 000zy | |
| 200 | 1 | @a无声的革命@9wu sheng de ge ming@dSilent revolution@e中国老龄行动报告@e四集电视记录片创作实录@f赵宝华主编@zeng |
| 210 | @a北京@c中国社会出版社@d2005 | |
| 215 | @a237页@c照片@d24cm | |
| 330 | @a本书是全国老龄办、中共中央宣传部、中央电视台联合制作的四集电视纪录片《无声的革命》的图文解说词及创作实录。 | |
| 510 | 1 | @aSilent revolution@zeng |
| 517 | 1 | @a中国老龄行动报告@9zhong guo lao ling xing dong bao gao |
| 517 | 1 | @a四集电视记录片创作实录@9si ji dian shi ji lu pian chuang zuo shi lu |
| 606 | 0 | @a老人问题@x研究@y中国 |
| 606 | 0 | @a电视系列片 |
| 606 | 0 | @a电视系列片@x解说词@y中国@z现代 |
| 606 | 0 | @a老人问题 |
| 606 | 0 | @a解说词 |
| 690 | @aI235.2@v4 | |
| 701 | 0 | @a赵宝华@9zhao bao hua@c(人口学)@4主编 |
| 801 | 0 | @aCN@bNLC@c20061116 |
| 905 | @a10447@dI235.2@e160 | |
| 无声的革命=Silent revolution:中国老龄行动报告:四集电视记录片创作实录/赵宝华主编.-北京:中国社会出版社,2005 |
| 237页:照片;24cm |
| ISBN 7-5087-0838-5:CNY50.00 |
| 本书是全国老龄办、中共中央宣传部、中央电视台联合制作的四集电视纪录片《无声的革命》的图文解说词及创作实录。 |
| ● |
| 相关链接 |
|
|
|
|
正题名:无声的革命
索取号:I235.2/160
 
预约/预借
| 序号 | 登录号 | 条形码 | 馆藏地/架位号 | 状态 | 备注 |
| 1 | 0391766 | 203917663 | 第一样本阅览室/ [索取号:I235.2/160] | 在馆 | |
| 2 | 0391767 | 203917672 | 第二借阅区/ [索取号:I235.2/160] | 在馆 | |
| 3 | 0391768 | 203917681 | 第二借阅区/ [索取号:I235.2/160] | 在馆 | |
| 4 | 0391769 | 203917690 | 第二借阅区/ [索取号:I235.2/160] | 在馆 | |
| 5 | 0391770 | 203917707 | 第二借阅区/ [索取号:I235.2/160] | 在馆 |